| 000 | 00902nam a2200289 a 4500 | ||
|---|---|---|---|
| 001 | 4694798 | ||
| 003 | OSt | ||
| 005 | 20231108141656.0 | ||
| 008 | 871005s1981 ii fc b 001 0 eng | ||
| 010 | _a 81903332 | ||
| 020 | _c9788194716167 | ||
| 040 |
_aDLC _cDLC _dDLC |
||
| 043 | _aa-ii--- | ||
| 050 | 0 | 0 |
_aHD875 _b.K87 1981 |
| 082 |
_a330 _bKUR/W |
||
| 100 | 1 |
_aKurup, K. K. N., _d1939- |
|
| 245 | 1 | 0 |
_aWilliam Logan : _ba study in the agrarian relations of Malabar / _cK.K.N. Kurup. |
| 250 | _a2nd ed. | ||
| 260 |
_aCalicut : _bScintilla books, _c2021. |
||
| 300 | _a150p : | ||
| 500 | _aIncludes index. | ||
| 504 | _aBibliography: p. 125-127. | ||
| 600 | 1 | 0 |
_aLogan, William, _d1841-1914. |
| 650 | 0 |
_aLand tenure _xEconomic aspects _zIndia _zMalabar (District) |
|
| 906 |
_a7 _bcbc _corignew _d3 _encip _f19 _gy-gencatlg |
||
| 942 |
_2ddc _cBK _h330 _iKUR/W _k330 _mKUR/W |
||
| 999 |
_c42969 _d42969 |
||